Statistics for Red Brand Logos

Click here to take the quiz!

General Stats

  • This quiz has been taken 111 times
  • The average score is 20 of 31

Answer Stats

Answer% Correct
Pizza Hut
98%
Youtube
98%
Lego
96%
KFC
96%
Target
96%
Coca-Cola
94%
Toyota
94%
LG
92%
Gmail
92%
Tesla
81%
Monopoly
77%
Nintendo
77%
Atari
70%
Chick-fil-A
68%
New Balance
68%
The North Face
68%
Dodge
62%
Firestone
57%
Ray-Ban
55%
Mitsubishi
55%
Mattel
51%
Verizon
49%
Wilson
49%
Suzuki
43%
Beats by Dre
38%
Qantas
34%
Lululemon
32%
Hoover
30%
Marvel Comics
28%
Levi Strauss
26%
Xerox
26%

Score Distribution

Percentile by Number Answered

Percent of People with Each Score

Your Score History

You have not taken this quiz